<?xml version="1.0" encoding="UTF-8"?>
<record
    xmlns:xsi="http://www.w3.org/2001/XMLSchema-instance"
    xsi:schemaLocation="http://www.loc.gov/MARC21/slim http://www.loc.gov/standards/marcxml/schema/MARC21slim.xsd"
    xmlns="http://www.loc.gov/MARC21/slim">

  <leader>02911    a2200325   4500</leader>
  <controlfield tag="003">NALT</controlfield>
  <controlfield tag="005">20250721094726.0</controlfield>
  <controlfield tag="008">250612b        th ||||| |||| 00| 0 tha d</controlfield>
  <datafield tag="020" ind1=" " ind2=" ">
    <subfield code="a">9786162627736</subfield>
  </datafield>
  <datafield tag="040" ind1=" " ind2=" ">
    <subfield code="a">NALT</subfield>
  </datafield>
  <datafield tag="050" ind1=" " ind2=" ">
    <subfield code="a">QA 76.76.H94</subfield>
    <subfield code="b">&#xE1E;527 2566</subfield>
  </datafield>
  <datafield tag="245" ind1="1" ind2="0">
    <subfield code="a">&#xE1E;&#xE31;&#xE12;&#xE19;&#xE32;&#xE40;&#xE27;&#xE47;&#xE1A;&#xE44;&#xE0B;&#xE15;&#xE4C;&#xE2A;&#xE21;&#xE31;&#xE22;&#xE43;&#xE2B;&#xE21;&#xE48;&#xE14;&#xE49;&#xE27;&#xE22; HTML5 CSS+JavaScript+Bootstrap /</subfield>
    <subfield code="c">&#xE01;&#xE2D;&#xE07;&#xE1A;&#xE23;&#xE23;&#xE13;&#xE32;&#xE18;&#xE34;&#xE01;&#xE32;&#xE23;, &#xE1B;&#xE34;&#xE22;&#xE30; &#xE19;&#xE32;&#xE01;&#xE2A;&#xE07;&#xE04;&#xE4C; ... [&#xE41;&#xE25;&#xE30;&#xE04;&#xE19;&#xE2D;&#xE37;&#xE48;&#xE19;&#xE46;].</subfield>
  </datafield>
  <datafield tag="250" ind1=" " ind2=" ">
    <subfield code="a">&#xE1E;&#xE34;&#xE21;&#xE1E;&#xE4C;&#xE04;&#xE23;&#xE31;&#xE49;&#xE07;&#xE17;&#xE35;&#xE48; 1.</subfield>
  </datafield>
  <datafield tag="260" ind1=" " ind2=" ">
    <subfield code="a">&#xE01;&#xE23;&#xE38;&#xE07;&#xE40;&#xE17;&#xE1E;&#xE2F; :</subfield>
    <subfield code="b">&#xE23;&#xE35;&#xE44;&#xE27;&#xE27;&#xE48;&#xE32;,</subfield>
    <subfield code="c">2566.</subfield>
  </datafield>
  <datafield tag="300" ind1=" " ind2=" ">
    <subfield code="a">450 &#xE2B;&#xE19;&#xE49;&#xE32; :</subfield>
    <subfield code="b">&#xE20;&#xE32;&#xE1E;&#xE1B;&#xE23;&#xE30;&#xE01;&#xE2D;&#xE1A; ;</subfield>
    <subfield code="c">21 &#xE0B;&#xE21;.</subfield>
  </datafield>
  <datafield tag="505" ind1="2" ind2=" ">
    <subfield code="a">Chapter 1 &#xE40;&#xE23;&#xE34;&#xE48;&#xE21;&#xE15;&#xE49;&#xE19;&#xE01;&#xE31;&#xE1A;&#xE01;&#xE32;&#xE23;&#xE2A;&#xE23;&#xE49;&#xE32;&#xE07;&#xE40;&#xE27;&#xE47;&#xE1A;&#xE40;&#xE1E;&#xE08; -- 
Chapter 2 &#xE40;&#xE23;&#xE34;&#xE48;&#xE21;&#xE15;&#xE49;&#xE19;&#xE01;&#xE31;&#xE1A; HTML5 -- 
Chapter 3 &#xE01;&#xE32;&#xE23;&#xE43;&#xE2A;&#xE48;&#xE40;&#xE19;&#xE37;&#xE49;&#xE2D;&#xE2B;&#xE32;&#xE1A;&#xE19;&#xE2B;&#xE19;&#xE49;&#xE32;&#xE40;&#xE27;&#xE47;&#xE1A; -- 
Chapter 4 &#xE40;&#xE0A;&#xE37;&#xE48;&#xE2D;&#xE21;&#xE42;&#xE22;&#xE07;&#xE40;&#xE27;&#xE47;&#xE1A;&#xE40;&#xE1E;&#xE08;&#xE14;&#xE49;&#xE27;&#xE22;&#xE25;&#xE34;&#xE07;&#xE01;&#xE4C; (Link) -- 
Chapter 5 &#xE15;&#xE32;&#xE23;&#xE32;&#xE07;&#xE41;&#xE25;&#xE30;&#xE20;&#xE32;&#xE1E;&#xE01;&#xE23;&#xE32;&#xE1F;&#xE34;&#xE01; -- 
Chapter 6 &#xE01;&#xE32;&#xE23;&#xE2A;&#xE23;&#xE49;&#xE32;&#xE07;&#xE41;&#xE1A;&#xE1A;&#xE1F;&#xE2D;&#xE23;&#xE4C;&#xE21; -- 
Chapter 7 &#xE08;&#xE31;&#xE14;&#xE27;&#xE32;&#xE07;&#xE42;&#xE04;&#xE23;&#xE07;&#xE2A;&#xE23;&#xE49;&#xE32;&#xE07;&#xE40;&#xE19;&#xE37;&#xE49;&#xE2D;&#xE2B;&#xE32; -- 
Chapter 8 &#xE01;&#xE32;&#xE23;&#xE43;&#xE0A;&#xE49;&#xE07;&#xE32;&#xE19;&#xE44;&#xE1F;&#xE25;&#xE4C;&#xE27;&#xE34;&#xE14;&#xE35;&#xE42;&#xE2D;&#xE41;&#xE25;&#xE30;&#xE40;&#xE2A;&#xE35;&#xE22;&#xE07; -- 
Chapter 9 &#xE1E;&#xE37;&#xE49;&#xE19;&#xE10;&#xE32;&#xE19; CSS &#xE41;&#xE25;&#xE30;&#xE01;&#xE32;&#xE23;&#xE40;&#xE25;&#xE37;&#xE2D;&#xE01;&#xE40;&#xE2D;&#xE25;&#xE34;&#xE40;&#xE21;&#xE19;&#xE15;&#xE4C; -- 
Chapter 10 &#xE1B;&#xE23;&#xE31;&#xE1A;&#xE41;&#xE15;&#xE48;&#xE07;&#xE02;&#xE49;&#xE2D;&#xE04;&#xE27;&#xE32;&#xE21;&#xE41;&#xE25;&#xE30;&#xE08;&#xE31;&#xE14;&#xE27;&#xE32;&#xE07;&#xE40;&#xE25;&#xE22;&#xE4C;&#xE40;&#xE2D;&#xE32;&#xE15;&#xE4C;&#xE14;&#xE49;&#xE27;&#xE22; CSS -- 
Chapter 11 &#xE1B;&#xE23;&#xE31;&#xE1A;&#xE41;&#xE15;&#xE48;&#xE07;&#xE1F;&#xE2D;&#xE23;&#xE4C;&#xE21;&#xE14;&#xE49;&#xE27;&#xE22; CSS -- 
Chapter 12 &#xE17;&#xE1A;&#xE17;&#xE27;&#xE19;&#xE1E;&#xE37;&#xE49;&#xE19;&#xE10;&#xE32;&#xE19; JavaScript -- 
Chapter 13 &#xE01;&#xE32;&#xE23;&#xE43;&#xE0A;&#xE49; JavaScript &#xE40;&#xE1E;&#xE34;&#xE48;&#xE21;&#xE40;&#xE15;&#xE34;&#xE21; -- 
Chapter 14 &#xE01;&#xE32;&#xE23;&#xE43;&#xE0A;&#xE49;&#xE07;&#xE32;&#xE19; Canvas -- 
Chapter 15 &#xE01;&#xE32;&#xE23;&#xE43;&#xE0A;&#xE49;&#xE07;&#xE32;&#xE19; Drag and Drop -- 
Chapter 16 &#xE1E;&#xE37;&#xE49;&#xE19;&#xE10;&#xE32;&#xE19;&#xE01;&#xE32;&#xE23;&#xE43;&#xE0A;&#xE49;&#xE07;&#xE32;&#xE19; Bootstrap 5.x.</subfield>
  </datafield>
  <datafield tag="650" ind1=" " ind2="4">
    <subfield code="a">HTML (&#xE20;&#xE32;&#xE29;&#xE32;&#xE04;&#xE2D;&#xE21;&#xE1E;&#xE34;&#xE27;&#xE40;&#xE15;&#xE2D;&#xE23;&#xE4C;)</subfield>
    <subfield code="9">66324</subfield>
  </datafield>
  <datafield tag="650" ind1=" " ind2="4">
    <subfield code="a">&#xE40;&#xE2D;&#xE0A;&#xE17;&#xE35;&#xE40;&#xE2D;&#xE47;&#xE21;&#xE41;&#xE2D;&#xE25; (&#xE20;&#xE32;&#xE29;&#xE32;&#xE04;&#xE2D;&#xE21;&#xE1E;&#xE34;&#xE27;&#xE40;&#xE15;&#xE2D;&#xE23;&#xE4C;)</subfield>
    <subfield code="9">32465</subfield>
  </datafield>
  <datafield tag="650" ind1=" " ind2="4">
    <subfield code="a">&#xE08;&#xE32;&#xE27;&#xE32;&#xE2A;&#xE04;&#xE23;&#xE34;&#xE1B;&#xE15;&#xE4C; (&#xE20;&#xE32;&#xE29;&#xE32;&#xE04;&#xE2D;&#xE21;&#xE1E;&#xE34;&#xE27;&#xE40;&#xE15;&#xE2D;&#xE23;&#xE4C;)</subfield>
    <subfield code="9">18398</subfield>
  </datafield>
  <datafield tag="650" ind1=" " ind2="0">
    <subfield code="a">&#xE0B;&#xE35;&#xE40;&#xE2D;&#xE2A;&#xE40;&#xE2D;&#xE2A; (&#xE20;&#xE32;&#xE29;&#xE32;&#xE04;&#xE2D;&#xE21;&#xE1E;&#xE34;&#xE27;&#xE40;&#xE15;&#xE2D;&#xE23;&#xE4C;)</subfield>
    <subfield code="9">66325</subfield>
  </datafield>
  <datafield tag="650" ind1=" " ind2="4">
    <subfield code="a">&#xE1A;&#xE39;&#xE17;&#xE2A;&#xE41;&#xE15;&#xE23;&#xE47;&#xE1B; (&#xE42;&#xE1B;&#xE23;&#xE41;&#xE01;&#xE23;&#xE21;&#xE04;&#xE2D;&#xE21;&#xE1E;&#xE34;&#xE27;&#xE40;&#xE15;&#xE2D;&#xE23;&#xE4C;)</subfield>
    <subfield code="9">66326</subfield>
  </datafield>
  <datafield tag="650" ind1=" " ind2="4">
    <subfield code="a">&#xE01;&#xE32;&#xE23;&#xE1E;&#xE31;&#xE12;&#xE19;&#xE32;&#xE40;&#xE27;&#xE47;&#xE1A;&#xE44;&#xE0B;&#xE15;&#xE4C;</subfield>
    <subfield code="9">12319</subfield>
  </datafield>
  <datafield tag="650" ind1=" " ind2="4">
    <subfield code="a">&#xE40;&#xE27;&#xE47;&#xE1A;&#xE44;&#xE0B;&#xE15;&#xE4C;</subfield>
    <subfield code="x">&#xE01;&#xE32;&#xE23;&#xE2D;&#xE2D;&#xE01;&#xE41;&#xE1A;&#xE1A;</subfield>
    <subfield code="9">12318</subfield>
  </datafield>
  <datafield tag="700" ind1="0" ind2=" ">
    <subfield code="a">&#xE1B;&#xE34;&#xE22;&#xE30; &#xE19;&#xE32;&#xE01;&#xE2A;&#xE07;&#xE04;&#xE4C;.</subfield>
    <subfield code="9">36692</subfield>
  </datafield>
  <datafield tag="710" ind1="2" ind2=" ">
    <subfield code="a">&#xE01;&#xE2D;&#xE07;&#xE1A;&#xE23;&#xE23;&#xE13;&#xE32;&#xE18;&#xE34;&#xE01;&#xE32;&#xE23;.</subfield>
    <subfield code="9">7346</subfield>
  </datafield>
  <datafield tag="942" ind1=" " ind2=" ">
    <subfield code="c">GB</subfield>
    <subfield code="2">lcc</subfield>
  </datafield>
  <datafield tag="996" ind1=" " ind2=" ">
    <subfield code="a">jidapa.t</subfield>
    <subfield code="b">ACQSTF</subfield>
    <subfield code="c">2025-06-12</subfield>
  </datafield>
  <datafield tag="996" ind1=" " ind2=" ">
    <subfield code="a">varee.k</subfield>
    <subfield code="b">LIBSTF</subfield>
    <subfield code="c">2025-06-26</subfield>
  </datafield>
  <datafield tag="996" ind1=" " ind2=" ">
    <subfield code="a">jamriang.p</subfield>
    <subfield code="b">CATSTF	</subfield>
    <subfield code="c">2025-07-21</subfield>
  </datafield>
  <datafield tag="999" ind1=" " ind2=" ">
    <subfield code="c">106850</subfield>
    <subfield code="d">106850</subfield>
  </datafield>
  <datafield tag="998" ind1=" " ind2=" ">
    <subfield code="j">1020</subfield>
    <subfield code="k"> &#xE19;&#xE32;&#xE07;&#xE08;&#xE33;&#xE40;&#xE23;&#xE35;&#xE22;&#xE07;  &#xE23;&#xE30;&#xE27;&#xE31;&#xE07;&#xE2A;&#xE33;&#xE42;&#xE23;&#xE07;</subfield>
  </datafield>
  <datafield tag="952" ind1=" " ind2=" ">
    <subfield code="0">0</subfield>
    <subfield code="1">0</subfield>
    <subfield code="2">lcc</subfield>
    <subfield code="4">0</subfield>
    <subfield code="7">0</subfield>
    <subfield code="8">CGBL</subfield>
    <subfield code="a">NALT</subfield>
    <subfield code="b">NALT</subfield>
    <subfield code="c">GEN</subfield>
    <subfield code="d">2025-06-05</subfield>
    <subfield code="e">192</subfield>
    <subfield code="l">0</subfield>
    <subfield code="o">QA 76.76.H94 &#xE1E;527 2566</subfield>
    <subfield code="p">3961215386</subfield>
    <subfield code="r">2025-06-05 00:00:00</subfield>
    <subfield code="w">2025-06-05</subfield>
    <subfield code="y">GB</subfield>
  </datafield>
</record>
